LEADER 01774nam a2200373 a 4500 001 000000129746 003 CaOOAMICUS 005 20120720092608.0 008 120720s2012 it u000 u ita r 020 $a978-88-372-2579-7 040 $aPUL$bita 041 1 $aita$hger 082 04$a831.6 100 1 $aWieland, Christoph Martin.$0(OLS)http://pul/name/68413 240 10$aMusarion.$lItaliano.$0(OLS)http://pul/title/163995 245 10$aMusarion ovvero la filosofia delle Grazie /$cChristoph Martin Wieland ; a cura di Renato Pettoello ; con uno scritto di J.W. Goethe. 260 $aBrescia :$bMorcelliana,$c©2012. 300 $a137 p. ;$c19 cm 490 1 $aIl pellicano rosso.$aNuova serie ;$v153 500 $aAll'interno: Zu brüderlichem Andenken Wielands di Goethe. 504 $aBibliografia in nota. 650 4$aFilosofia$zGermania$ySec. XIX.$0(OLS)http://pul/subject/23074 700 1 $aPettoello, Renato.$0(OLS)http://pul/name/40712 700 1 $aGoethe, Johann Wolfgang von,$d1749-1832.$tZu brüderlichem Andenken Wielands.$0(OLS)http://pul/nameTitle/1699$0(OLS)http://pul/name/5475$0(OLS)http://pul/title/163999 830 3$aIl pellicano rosso.$pNuova serie ;$v153.$0(OLS)http://pul/title/103420 850 $aPUL 852 $aPUL$W1$xSL Religione 3$y85$m230 COLL 12.153$j150197$qDDC 21$B148765$CPULBib$Z2$F148765 $H120127 $81 941 1 $a9 961 $aPrecedente collocazione: 831. 6 WEICH 1 996 $6020$a978-88-372-2579-7$9(OLS)http://pul/number/150334 996 $6082$a831.6$9(OLS)http://pul/classification/2333 996 $6245$aMusarion ovvero la filosofia delle Grazie$9(OLS)http://pul/title/163996 996 $6260$aBrescia :$bMorcelliana$9(OLS)http://pul/publisher/47854 LEADER 01131nam a2200289 u 4500 001 000000043239 003 CaOOAMICUS 005 20070226114420.0 008 990323s1968 enk u000 u eng u 035 $a10817863 040 $aPUL(R)$bita 041 1 $aeng$hger 100 1 $aKaser, Max,$d1906-1997.$0(OLS)http://pul/name/99 240 10$aRömisches Privatrecht.$lInglese.$0(OLS)http://pul/title/58301 245 10$aRoman private law /$ca translation by Rolf Dannenbring ... of Romisches Privatrecht (sixth edition) by Max Kaser. 250 $a2nd ed. 260 $aLondon :$bButterwoths,$c1968. 300 $axv, 385 p. ;$c22 cm 500 $aContiene indici. 504 $aBibliografia in nota. 650 4$aDiritto privato$xStoria.$0(OLS)http://pul/subject/19055 850 $aPUL 852 $aPUL$W1$xSL Diritto e Scienze Sociali 1$y4$m186 A 67$j58295$nBK-PRI$b $qStampati$B58295$CPULBib$Z2$F58295 $H $81 941 1 $a8 961 $aINV: 69382 996 $6245$aRoman private law$9(OLS)http://pul/title/58302 996 $6260$aLondon :$bButterwoths$9(OLS)http://pul/publisher/65202